000 00442nam a2200145 i 4500
001 65001
003 ES-MaACL
007 t|
008 040108s1977 xxk ||||1| spa d
100 1 _aFothergill-Payne, Louise.
_951913
245 1 3 _aLa alegoría en los autos y farsas anteriores a Calderón /
_cLouise Fothergill-Payne.
260 _aLondon :
_bTamesis Books,
_c[1977]
300 _a223 p. ;
_c24 cm.
852 _aES-MaACL
_jL-374
_bR.100754
999 _c65001
_d65001